Random Order: Capitals of Asia - Statistics

General Stats
  • This quiz has been taken 999 times
  • The average score is 41 of 48
Answer Stats
Country Capital % Correct
South Korea Seoul
96%
China Beijing
95%
Israel Jerusalem
95%
India New Delhi
95%
Singapore Singapore
95%
Japan Tokyo
95%
Thailand Bangkok
94%
Turkey Ankara
93%
Vietnam Hanoi
93%
Indonesia Jakarta
93%
North Korea Pyongyang
93%
Iraq Baghdad
92%
Pakistan Islamabad
92%
Kuwait Kuwait City
92%
Philippines Manila
92%
Taiwan Taipei
92%
Iran Tehran
92%
United Arab Emirates Abu Dhabi
91%
Syria Damascus
91%
Afghanistan Kabul
91%
Saudi Arabia Riyadh
91%
Malaysia Kuala Lumpur
90%
Lebanon Beirut
89%
Nepal Kathmandu
89%
Cyprus Nicosia
89%
Mongolia Ulaanbaatar
89%
Azerbaijan Baku
86%
Qatar Doha
86%
Georgia Tbilisi
86%
Bangladesh Dhaka
85%
Jordan Amman
83%
Oman Muscat
83%
Yemen Sana'a
82%
Kazakhstan Astana
81%
Maldives Malé
81%
Cambodia Phnom Penh
81%
Armenia Yerevan
81%
East Timor Dili
79%
Laos Vientiane
76%
Bahrain Manama
75%
Uzbekistan Tashkent
74%
Bhutan Thimphu
73%
Turkmenistan Ashgabat
70%
Kyrgyzstan Bishkek
70%
Sri Lanka Sri Jayawardenepura Kotte
70%
Tajikistan Dushanbe
68%
Myanmar Naypyidaw
67%
Brunei Bandar Seri Begawan
37%
No matching quizzes found
Score Distribution
Percent of People with Each Score
Percentile by Number Answered
Your Score History
You have not taken this quiz